000 00498nam a22001937a 4500
005 20260424132801.0
008 260424b |||||||| |||| 00| 0 eng d
020 _a9780000989734
_c1795.00
040 _aMAIN
041 _aEnglish
082 _a515.7
_bHUN
100 _aHunter, John
_926745
245 _aApplied Analysis
260 _aNew Jersey
_bWorld Scientific
_c2024
300 _a439
650 _aMathematics (PM USHA)
_926738
700 _aNachtergaele, Bruno
_926746
942 _cBK
999 _c60731
_d60731